| 000 | 00395nam a22001697a 4500 | ||
|---|---|---|---|
| 999 |
_c196272 _d196272 |
||
| 003 | OSt | ||
| 020 | _a9780340894583 | ||
| 082 |
_a808.89 _bBLY/FI |
||
| 100 | _aBlyton, Enid | ||
| 245 | _aFive go off in a caravan | ||
| 260 |
_aLondon _bHodders Children's book _c1946 |
||
| 300 | _a232p. | ||
| 440 | _aFamous five | ||
| 546 | _aEnglish | ||
| 650 | _aChidren's literature | ||
| 942 |
_2ddc _cBK |
||